000
00215 a2200097 4500
001
48694
100
_a
Wallace, G
245
_a
The flight of alcock and brown
260
_a
London
_b
Putnam
_c
090
_c
31608
_d
31608
942
_a
NUST-CAE
_c
M
_c
24012
999
_c
283767
_d
283767